000 00304nam a22001337a 4500
008 181221b xxu||||| |||| 00| 0 eng d
020 _a0683039547
041 _aeng
080 _a616.8
100 _a7
101 _aNEU
245 _aStereotactic Neruosurgery
_cHeilbrun,M.P
942 _2udc
_cBK
999 _c53642
_d53642